<?xml version="1.0" encoding="UTF-8"?>
<record
    xmlns:xsi="http://www.w3.org/2001/XMLSchema-instance"
    xsi:schemaLocation="http://www.loc.gov/MARC21/slim http://www.loc.gov/standards/marcxml/schema/MARC21slim.xsd"
    xmlns="http://www.loc.gov/MARC21/slim">

  <leader>01695nam a2200337 a 4500</leader>
  <controlfield tag="001">000020261</controlfield>
  <controlfield tag="003">DO-SdBPM</controlfield>
  <controlfield tag="005">20241118102459.0</controlfield>
  <controlfield tag="008">100802s1995   XX r  000 0 spa d</controlfield>
  <datafield tag="020" ind1=" " ind2=" ">
    <subfield code="a">9789945082685</subfield>
  </datafield>
  <datafield tag="040" ind1=" " ind2=" ">
    <subfield code="a">DO-SdBPM</subfield>
    <subfield code="b">spa</subfield>
    <subfield code="c">BPMSU</subfield>
  </datafield>
  <datafield tag="082" ind1=" " ind2="4">
    <subfield code="a">306.6</subfield>
    <subfield code="b"> S471r 1995</subfield>
    <subfield code="2"> 22</subfield>
  </datafield>
  <datafield tag="111" ind1="2" ind2=" ">
    <subfield code="a">Seminar Religion Culture and Society with special emphasis on the case of Cuba </subfield>
    <subfield code="d">( 2003 jul  21-22 : )</subfield>
  </datafield>
  <datafield tag="245" ind1="1" ind2="4">
    <subfield code="a">Religion culture and society :</subfield>
    <subfield code="b">the case of cuba / </subfield>
    <subfield code="c">editor Margaret E. Crahan</subfield>
  </datafield>
  <datafield tag="260" ind1=" " ind2=" ">
    <subfield code="a"> Washington : </subfield>
    <subfield code="b">Woodrow Wilson Center Reports on the Americas,</subfield>
    <subfield code="c">2003</subfield>
  </datafield>
  <datafield tag="300" ind1=" " ind2=" ">
    <subfield code="a">147 p. ;</subfield>
    <subfield code="b">Ius. ;</subfield>
    <subfield code="c">23 cm.</subfield>
  </datafield>
  <datafield tag="490" ind1="0" ind2=" ">
    <subfield code="a"> Woodrow Wilson center reports on the americas,</subfield>
    <subfield code="v">9</subfield>
  </datafield>
  <datafield tag="500" ind1=" " ind2=" ">
    <subfield code="a">Incluye &#xED;ndice</subfield>
  </datafield>
  <datafield tag="500" ind1=" " ind2=" ">
    <subfield code="a">Incluye datos biogr&#xE1;ficos del autor en la solapa de la cubierta</subfield>
  </datafield>
  <datafield tag="504" ind1=" " ind2=" ">
    <subfield code="a">Bibliograf&#xED;a : p. 421-441</subfield>
  </datafield>
  <datafield tag="505" ind1="0" ind2=" ">
    <subfield code="a">Presentaci&#xF3;n /</subfield>
    <subfield code="r">Bol&#xED;var Troncoso Morales --</subfield>
    <subfield code="t">Introducci&#xF3;n</subfield>
    <subfield code="t">La esclavitud --</subfield>
    <subfield code="t">Vida de los esclavos --</subfield>
    <subfield code="t">El cimarronaje --</subfield>
    <subfield code="t">La abolici&#xF3;n de la esclavitud --</subfield>
    <subfield code="t">El proceso de formaci&#xF3;n de las sociedades caribe&#xF1;as actuales --</subfield>
    <subfield code="t">Los estudios afroamericanos --</subfield>
    <subfield code="t">Religi&#xF3;n y magia --</subfield>
    <subfield code="t">M&#xFA;sica y danza --</subfield>
    <subfield code="t">Econom&#xED;a, cocina y familia --</subfield>
    <subfield code="t">Lenguaje y lteratura oral --</subfield>
    <subfield code="t">Bibliograf&#xED;a--</subfield>
    <subfield code="t">&#xED;ndice de personajes --</subfield>
    <subfield code="t">&#xED;ndice de lugares</subfield>
  </datafield>
  <datafield tag="590" ind1=" " ind2=" ">
    <subfield code="a">Inventariado, 2024/VM</subfield>
  </datafield>
  <datafield tag="650" ind1=" " ind2="4">
    <subfield code="a">Cultura </subfield>
    <subfield code="z">Am&#xE9;rica Latina </subfield>
  </datafield>
  <datafield tag="650" ind1=" " ind2="4">
    <subfield code="a">Identidad cultural </subfield>
    <subfield code="x">Congresos conferencias, etc</subfield>
    <subfield code="z"> </subfield>
  </datafield>
  <datafield tag="650" ind1=" " ind2="4">
    <subfield code="a"> Cultura pol&#xED;tica</subfield>
    <subfield code="z">Congresos conferencias</subfield>
    <subfield code="x"> </subfield>
  </datafield>
  <datafield tag="650" ind1=" " ind2="4">
    <subfield code="a"> Cultura pol&#xED;tica </subfield>
    <subfield code="z">Congresos conferencias</subfield>
  </datafield>
  <datafield tag="651" ind1=" " ind2="4">
    <subfield code="a"> </subfield>
    <subfield code="x"> </subfield>
  </datafield>
  <datafield tag="700" ind1="1" ind2=" ">
    <subfield code="a">Crahan, Margaret E. </subfield>
    <subfield code="e">editor </subfield>
  </datafield>
  <datafield tag="910" ind1=" " ind2=" ">
    <subfield code="a">VMateo V. Control de calidad. BPMSU</subfield>
  </datafield>
  <datafield tag="942" ind1=" " ind2=" ">
    <subfield code="2">ddc</subfield>
    <subfield code="c">BK</subfield>
  </datafield>
  <datafield tag="952" ind1=" " ind2=" ">
    <subfield code="0">0</subfield>
    <subfield code="1">0</subfield>
    <subfield code="2">ddc</subfield>
    <subfield code="4">0</subfield>
    <subfield code="7">0</subfield>
    <subfield code="8">CG</subfield>
    <subfield code="a">BPMET</subfield>
    <subfield code="b">BPMET</subfield>
    <subfield code="d">2024-11-18</subfield>
    <subfield code="l">0</subfield>
    <subfield code="o">BPMSU CG 306.6  S471r 1995</subfield>
    <subfield code="p">BPMSU24110028</subfield>
    <subfield code="r">2024-11-18</subfield>
    <subfield code="w">2024-11-18</subfield>
    <subfield code="y">BK</subfield>
  </datafield>
  <datafield tag="952" ind1=" " ind2=" ">
    <subfield code="0">0</subfield>
    <subfield code="1">0</subfield>
    <subfield code="2">ddc</subfield>
    <subfield code="4">0</subfield>
    <subfield code="7">0</subfield>
    <subfield code="8">CG</subfield>
    <subfield code="a">BPMET</subfield>
    <subfield code="b">BPMET</subfield>
    <subfield code="d">2024-11-18</subfield>
    <subfield code="l">0</subfield>
    <subfield code="o">BPMSU CG 306.6  S471r 1995</subfield>
    <subfield code="p">BPMSU24110029</subfield>
    <subfield code="r">2024-11-18</subfield>
    <subfield code="t">e.2</subfield>
    <subfield code="w">2024-11-18</subfield>
    <subfield code="y">BK</subfield>
  </datafield>
  <datafield tag="952" ind1=" " ind2=" ">
    <subfield code="0">0</subfield>
    <subfield code="1">0</subfield>
    <subfield code="2">ddc</subfield>
    <subfield code="4">0</subfield>
    <subfield code="7">0</subfield>
    <subfield code="8">CG</subfield>
    <subfield code="a">BPMET</subfield>
    <subfield code="b">BPMET</subfield>
    <subfield code="d">2024-11-18</subfield>
    <subfield code="l">0</subfield>
    <subfield code="o">BPMSU CG 306.6  S471r 1995</subfield>
    <subfield code="p">BPMSU24110030</subfield>
    <subfield code="r">2024-11-18</subfield>
    <subfield code="t">e.3</subfield>
    <subfield code="w">2024-11-18</subfield>
    <subfield code="y">BK</subfield>
  </datafield>
  <datafield tag="999" ind1=" " ind2=" ">
    <subfield code="c">14865</subfield>
    <subfield code="d">14865</subfield>
  </datafield>
</record>
